| 000 | 00826nam a2200229 a 4500 | ||
|---|---|---|---|
| 001 | BRCA_1648 | ||
| 005 | 20190320203506.0 | ||
| 008 | spas1993----mx-#---###---#000-0#spa-# | ||
| 020 | _a9687009365 | ||
| 050 | 4 |
_aNA757.M4 _b.N64 1993 |
|
| 100 | 1 |
_aNoelle, Louise _95144 |
|
| 245 | 1 | 0 |
_aCatálogo guía de arquitectura contemporanea _bCiudad de México _cLouise Noelle, Carlos Tejeda |
| 260 |
_aMéxico _bFomento Cultural Banamex _c1993 |
||
| 300 |
_a172 p. _bil. _c23 cm. |
||
| 500 | _aIncluye índice de autores y obras | ||
| 504 | _aBibliografía: p. 168-171 | ||
| 650 | 1 | 4 |
_aArquitectura _vGuías de viajeros _zMéxico _95145 |
| 650 | 1 | 4 |
_aArquitectura moderna _xGuías de viajeros _ySiglo XX _zMéxico _95146 |
| 651 | 4 |
_aCiudad de México _xEdificios, estructuras, etc. _91264 |
|
| 700 | 1 |
_aTejeda, Carlos _95147 |
|
| 942 |
_2lcc _cB |
||
| 999 |
_c1446 _d1446 |
||